00648cam a22002291 4500001001300000003000400013005001700017008004100034010001700075035002000092040001900112042001200131043001200143050001500155100002600170245006000196260004600256300005600302651002100358740002200379999001700401ne 65000161 DLC20260227111810.0870929m19631967tu abcj 000 0 tur  ane 65000161  a(OCoLC)16771734 aDLCcOrPSdDLC apremarc aa-tu---00aDR440b.O41 aÖztuna, T. Yılmaz.10aBaşlangıcından zamanımıza kadar Türkiye tarihi. a[İstanbul]bHayat Kitaplarıc[1963-67] a12 v.billus., geneal. tables, maps, ports.c20 cm. 0aTurkeyxHistory.0 aTürkiye tarihi. c47877d47877